<?xml version="1.0" encoding="UTF-8"?><marc:collection xmlns:marc="http://www.loc.gov/MARC21/slim">
  <marc:record>
    <marc:leader>00000nam  2200000zi 4500</marc:leader>
    <marc:controlfield tag="001">9.901476</marc:controlfield>
    <marc:controlfield tag="003">CaOODSP</marc:controlfield>
    <marc:controlfield tag="005">20230120160716</marc:controlfield>
    <marc:controlfield tag="006">m     o  d f      </marc:controlfield>
    <marc:controlfield tag="007">cr cn|||||||||</marc:controlfield>
    <marc:controlfield tag="008">210707t20212021mbcab   ob   f000 0 eng d</marc:controlfield>
    <marc:datafield tag="020" ind1=" " ind2=" ">
      <marc:subfield code="a">9780660395517</marc:subfield>
    </marc:datafield>
    <marc:datafield tag="040" ind1=" " ind2=" ">
      <marc:subfield code="a">CaOODSP</marc:subfield>
      <marc:subfield code="b">eng</marc:subfield>
      <marc:subfield code="e">rda</marc:subfield>
      <marc:subfield code="c">CaOODSP</marc:subfield>
    </marc:datafield>
    <marc:datafield tag="041" ind1="0" ind2=" ">
      <marc:subfield code="a">eng</marc:subfield>
      <marc:subfield code="b">eng</marc:subfield>
      <marc:subfield code="b">fre</marc:subfield>
    </marc:datafield>
    <marc:datafield tag="043" ind1=" " ind2=" ">
      <marc:subfield code="a">ln-----</marc:subfield>
    </marc:datafield>
    <marc:datafield tag="086" ind1="1" ind2=" ">
      <marc:subfield code="a">Fs97-6/3436E-PDF</marc:subfield>
    </marc:datafield>
    <marc:datafield tag="100" ind1="1" ind2=" ">
      <marc:subfield code="a">Desforges, Jean-Pierre W., </marc:subfield>
      <marc:subfield code="e">author.</marc:subfield>
    </marc:datafield>
    <marc:datafield tag="245" ind1="1" ind2="0">
      <marc:subfield code="a">Characterization of legacy persistent organic pollutants (POPs) in northern bottlenose whales of the western North-Atlantic / </marc:subfield>
      <marc:subfield code="c">by Jean-Pierre W. Desforges, Sascha K. Hooker, Laura Feyrer, Steven H. Ferguson.</marc:subfield>
    </marc:datafield>
    <marc:datafield tag="264" ind1=" " ind2="1">
      <marc:subfield code="a">Winnipeg, MB, Canada : </marc:subfield>
      <marc:subfield code="b">Arctic Aquatic Research Division, Central and Arctic, </marc:subfield>
      <marc:subfield code="c">2021.</marc:subfield>
    </marc:datafield>
    <marc:datafield tag="264" ind1=" " ind2="4">
      <marc:subfield code="c">©2021</marc:subfield>
    </marc:datafield>
    <marc:datafield tag="300" ind1=" " ind2=" ">
      <marc:subfield code="a">1 online resource (viii, 32 pages) : </marc:subfield>
      <marc:subfield code="b">colour illustrations, colour maps.</marc:subfield>
    </marc:datafield>
    <marc:datafield tag="336" ind1=" " ind2=" ">
      <marc:subfield code="a">text</marc:subfield>
      <marc:subfield code="b">txt</marc:subfield>
      <marc:subfield code="2">rdacontent</marc:subfield>
    </marc:datafield>
    <marc:datafield tag="337" ind1=" " ind2=" ">
      <marc:subfield code="a">computer</marc:subfield>
      <marc:subfield code="b">c</marc:subfield>
      <marc:subfield code="2">rdamedia</marc:subfield>
    </marc:datafield>
    <marc:datafield tag="338" ind1=" " ind2=" ">
      <marc:subfield code="a">online resource</marc:subfield>
      <marc:subfield code="b">cr</marc:subfield>
      <marc:subfield code="2">rdacarrier</marc:subfield>
    </marc:datafield>
    <marc:datafield tag="490" ind1="1" ind2=" ">
      <marc:subfield code="a">Canadian technical report of fisheries and aquatic sciences, </marc:subfield>
      <marc:subfield code="x">1488-5379 ; </marc:subfield>
      <marc:subfield code="v">3436</marc:subfield>
    </marc:datafield>
    <marc:datafield tag="504" ind1=" " ind2=" ">
      <marc:subfield code="a">Includes bibliographical references (pages 26-32).</marc:subfield>
    </marc:datafield>
    <marc:datafield tag="520" ind1="3" ind2=" ">
      <marc:subfield code="a">"Northern bottlenose whales (Hyperoodon ampullatus) are a medium sized toothed whale of the North Atlantic. Two Canadian populations exist, one along the Scotian Shelf ("The Gully"; Endangered) and the other around Baffin Bay. The objective of this study was to characterize the concentrations and patterns of persistent organic pollutants (POPs) in northern bottlenose whales as related to sex, location, and sampling year. Samples from a stranded individual allowed opportunistic analysis of blubber stratification of POPs. Concentrations of POPs in northern bottlenose whales were similar to other toothed whales in the North Atlantic. Contrary to most marine mammals, levels of dichlorodiphenyltrichloroethane (DDT) were higher than polychlorinated biphenyls (PCBs), suggesting a local source of DDT in the region. Females were found to have lower blubber concentrations of most POPs compared to males due to reproductive offloading. Levels of POPs were also typically higher in Scotian Shelf compared to Arctic animals. Full-depth blubber analysis revealed higher concentrations and proportion of less recalcitrant POPs in the inner blubber relative to middle and outer sections. Future monitoring of these populations would benefit from greater sample sizes, more consistent temporal sampling, and complimentary analysis of biogeochemical tracers to decipher aspects of feeding ecology and habitat use"--Abstract, page vii.</marc:subfield>
    </marc:datafield>
    <marc:datafield tag="546" ind1=" " ind2=" ">
      <marc:subfield code="a">Includes abstracts in English and French.</marc:subfield>
    </marc:datafield>
    <marc:datafield tag="650" ind1=" " ind2="0">
      <marc:subfield code="a">Northern bottlenose whale</marc:subfield>
      <marc:subfield code="x">Effect of chemicals on</marc:subfield>
      <marc:subfield code="z">North Atlantic Ocean.</marc:subfield>
    </marc:datafield>
    <marc:datafield tag="650" ind1=" " ind2="0">
      <marc:subfield code="a">Northern bottlenose whale</marc:subfield>
      <marc:subfield code="x">Effect of water pollution on</marc:subfield>
      <marc:subfield code="z">North Atlantic Ocean.</marc:subfield>
    </marc:datafield>
    <marc:datafield tag="650" ind1=" " ind2="0">
      <marc:subfield code="a">Organochlorine compounds</marc:subfield>
      <marc:subfield code="z">North Atlantic Ocean</marc:subfield>
      <marc:subfield code="x">Physiological effect.</marc:subfield>
    </marc:datafield>
    <marc:datafield tag="650" ind1=" " ind2="0">
      <marc:subfield code="a">Persistent pollutants</marc:subfield>
      <marc:subfield code="z">North Atlantic Ocean</marc:subfield>
      <marc:subfield code="x">Physiological effect.</marc:subfield>
    </marc:datafield>
    <marc:datafield tag="650" ind1=" " ind2="6">
      <marc:subfield code="a">Baleine à bec commune</marc:subfield>
      <marc:subfield code="x">Effets des produits chimiques sur</marc:subfield>
      <marc:subfield code="z">Atlantique Nord.</marc:subfield>
    </marc:datafield>
    <marc:datafield tag="650" ind1=" " ind2="6">
      <marc:subfield code="a">Baleine à bec commune</marc:subfield>
      <marc:subfield code="x">Effets de la pollution de l'eau sur</marc:subfield>
      <marc:subfield code="z">Atlantique Nord.</marc:subfield>
    </marc:datafield>
    <marc:datafield tag="650" ind1=" " ind2="6">
      <marc:subfield code="a">Composés organochlorés</marc:subfield>
      <marc:subfield code="z">Atlantique Nord</marc:subfield>
      <marc:subfield code="x">Effets physiologiques.</marc:subfield>
    </marc:datafield>
    <marc:datafield tag="650" ind1=" " ind2="6">
      <marc:subfield code="a">Polluants persistants</marc:subfield>
      <marc:subfield code="z">Atlantique Nord</marc:subfield>
      <marc:subfield code="x">Effets physiologiques.</marc:subfield>
    </marc:datafield>
    <marc:datafield tag="710" ind1="1" ind2=" ">
      <marc:subfield code="a">Canada. </marc:subfield>
      <marc:subfield code="b">Department of Fisheries and Oceans, </marc:subfield>
      <marc:subfield code="e">issuing body.</marc:subfield>
    </marc:datafield>
    <marc:datafield tag="710" ind1="1" ind2=" ">
      <marc:subfield code="a">Canada. </marc:subfield>
      <marc:subfield code="b">Department of Fisheries and Oceans. </marc:subfield>
      <marc:subfield code="b">Central and Arctic Region. </marc:subfield>
      <marc:subfield code="b">Arctic Aquatic Research Division, </marc:subfield>
      <marc:subfield code="e">issuing body.</marc:subfield>
    </marc:datafield>
    <marc:datafield tag="776" ind1="0" ind2="#">
      <marc:subfield code="t">Characterization of legacy persistent organic pollutants (POPs) in northern bottlenose whales of the western North-Atlantic.</marc:subfield>
      <marc:subfield code="w">(CaOODSP)9.901477</marc:subfield>
    </marc:datafield>
    <marc:datafield tag="830" ind1="#" ind2="0">
      <marc:subfield code="a">Canadian technical report of fisheries and aquatic sciences ;</marc:subfield>
      <marc:subfield code="v">3436.</marc:subfield>
      <marc:subfield code="w">(CaOODSP)9.504449</marc:subfield>
    </marc:datafield>
    <marc:datafield tag="856" ind1="4" ind2="0">
      <marc:subfield code="q">PDF</marc:subfield>
      <marc:subfield code="s">1.56 MB</marc:subfield>
      <marc:subfield code="u">https://publications.gc.ca/collections/collection_2021/mpo-dfo/Fs97-6-3436-eng.pdf</marc:subfield>
    </marc:datafield>
  </marc:record>
</marc:collection>
